They Died in the 1980s: Sudden Death - Statistics

General Stats
  • This quiz has been taken 50 times
  • The average score is 6 of 10
Answers on the Grid
Answers color-coded by a green-red scale on the quiz's grid according to % correct below.
John Lennon
Richard Nixon
Andy Kaufman
Andy Warhol
Winston Churchill
Alfred Hitchcock
Princess Diana
Tupac Shakur
Anwar Sadat
John Belushi
John Denver
Ayatollah Khomeini
Elvis Presley
Leon Trotsky
Indira Gandhi
Bruce Lee
Karen Carpenter
Pope John Paul
Patrick Swayze
Jimmy Hoffa
 
Answer Stats
Answer % Correct
John Lennon
96%
Andy Warhol
68%
Karen Carpenter
60%
Alfred Hitchcock
57%
John Belushi
55%
Andy Kaufman
53%
Anwar Sadat
47%
Ayatollah Khomeini
47%
Indira Gandhi
47%
Jimmy Hoffa
26%
No matching quizzes found
Score Distribution
Percent of People with Each Score
Percentile by Number Answered
Your Score History
You have not taken this quiz